Multiply with 11 - Statistics

General Stats
  • This quiz has been taken 28 times
  • The average score is 11 of 15
Answer Stats
Number Multiply with 11 % Correct
21 231
100%
11 121
78%
25 275
78%
99 1089
72%
15 165
72%
33 363
72%
44 484
72%
48 528
67%
55 605
67%
57 627
67%
79 869
67%
81 891
67%
91 1001
61%
76 836
61%
28 308
56%
No matching quizzes found
Score Distribution
Percent of People with Each Score
Percentile by Number Answered
Your Score History
You have not taken this quiz